[Event "AUT-ch U16/18 Girls"]
[Site "St Veit"]
[Date "2023.04.04"]
[Round "4"]
[White "Theurl, Rafaela"]
[Black "Zurnaci, Sena"]
[Result "1-0"]
[WhiteElo "1658"]
[BlackElo "800"]
[PlyCount "41"]
[EventDate "2023.04.02"]
[EventType "swiss"]
[EventRounds "7"]
[EventCountry "AUT"]
[SourceTitle "EXT 2024"]
[Source "ChessBase"]
[SourceDate "2023.10.10"]
[SourceVersion "1"]
[SourceVersionDate "2023.10.10"]
[SourceQuality "1"]

1. Nf3 Nc6 2. d4 d5 3. g3 Nf6 4. Bg2 Bf5 5. 0-0 Qd7 6. Nc3 0-0-0 7. Ne5 Qe6 8. Nxc6 Qxc6 9. Bg5 Rd6 10. f3 h6 11. Bxf6 Rxf6 12. e4 dxe4 13. fxe4 Bg4 14. Qxg4+ Re6 15. d5 Qb6+ 16. Kh1 h5 17. Qh3 f5 18. Qxf5 h4 19. dxe6 hxg3 20. Qxf8+ Rxf8 21. Rxf8# 1-0

[Event "AUT-ch U14 Girls"]
[Site "St Veit"]
[Date "2022.04.12"]
[Round "4"]
[White "Ramirez Gaviria, Maya"]
[Black "Zurnaci, Sena"]
[Result "1-0"]
[WhiteElo "924"]
[BlackElo "800"]
[PlyCount "53"]
[EventDate "2022.04.10"]
[EventType "swiss"]
[EventRounds "6"]
[EventCountry "AUT"]
[SourceTitle "EXT 2023"]
[Source "ChessBase"]
[SourceDate "2022.10.05"]
[SourceVersion "1"]
[SourceVersionDate "2022.10.05"]
[SourceQuality "1"]

1. e4 e5 2. Nf3 Nc6 3. Bc4 Bc5 4. Nc3 Nf6 5. d3 d6 6. h3 Bd7 7. Bg5 h6 8. Bh4 Ne7 9. d4 exd4 10. Nxd4 Bb4 11. Qd2 Nxe4 12. Qf4 0-0 13. Qxe4 d5 14. Bxd5 Qe8 15. 0-0 Bd6 16. Ncb5 c6 17. Nxd6 Qb8 18. Bxf7+ Rxf7 19. Nxf7 Kxf7 20. Qxe7+ Kg8 21. Qxd7 Qf8 22. Rfe1 Rd8 23. Qxd8 g5 24. Re8 Kg7 25. Rxf8 gxh4 26. Qf6+ Kh7 27. Qf7# 1-0

[Event "AUT-ch U14 Girls"]
[Site "St Veit"]
[Date "2022.04.12"]
[Round "5"]
[White "Zurnaci, Sena"]
[Black "Poetscher, Katharina"]
[Result "0-1"]
[WhiteElo "800"]
[BlackElo "1041"]
[PlyCount "112"]
[EventDate "2022.04.10"]
[EventType "swiss"]
[EventRounds "6"]
[EventCountry "AUT"]
[SourceTitle "EXT 2023"]
[Source "ChessBase"]
[SourceDate "2022.10.05"]
[SourceVersion "1"]
[SourceVersionDate "2022.10.05"]
[SourceQuality "1"]

1. e4 e6 2. Nf3 d5 3. Nc3 d4 4. Nxd4 Qxd4 5. Nb5 Qd8 6. d3 Bc5 7. Bf4 Na6 8. d4 Bb6 9. c3 Ne7 10. Na3 Ng6 11. Qd2 c6 12. Nc2 Qf6 13. Bg5 Qxg5 14. Qxg5 Bc7 15. Qd2 b6 16. Bd3 e5 17. 0-0 Nh4 18. Rad1 0-0 19. Qe2 Ng6 20. d5 Nb8 21. g4 Nf4 22. Qf3 cxd5 23. exd5 Nd7 24. Qe4 Nf6 25. Qf3 Bxg4 26. Qg3 Bxd1 27. Rxd1 e4 28. Bxe4 Ne2+ 29. Kh1 Nxg3+ 30. hxg3 Nxe4 31. Re1 Rfe8 32. Kg2 Nf6 33. Rxe8+ Rxe8 34. b4 Nxd5 35. c4 Nc3 36. b5 Nxa2 37. Ne3 Bd6 38. Kh1 Bc5 39. Kg1 Bxe3 40. fxe3 Rxe3 41. Kf2 Re4 42. Kf3 Rxc4 43. Ke3 Nc3 44. Kd3 Rc8 45. Kc2 Nxb5+ 46. Kb2 f5 47. Ka1 f4 48. gxf4 h5 49. f5 h4 50. Kb2 h3 51. Kb3 h2 52. Kb4 h1Q 53. Kxb5 a5 54. Kxb6 Rc2 55. Kxa5 Qb1 56. Ka4 Ra2# 0-1